[Event "Titled Tue 10th Jun Late"]
[Site "chess.com INT"]
[Date "2025.06.10"]
[Round "10"]
[White "Odegov, Artem"]
[Black "Bulgak, Damir"]
[Result "1-0"]
[WhiteTitle "FM"]
[WhiteElo "2244"]
[BlackElo "2213"]
[WhiteFideId "34183644"]
[BlackFideId "13528882"]
[EventDate "2025.06.10"]

1. d4 Nf6 2. Nf3 e6 3. c4 d5 4. Qc2 Be7 5. g3 O-O 6. Bg2 Nbd7 7. O-O a5 8. Nbd2
dxc4 9. Nxc4 c6 10. Rd1 Nd5 11. e4 Nb4 12. Qe2 b5 13. Ne3 Qb6 14. a3 Na6 15. d5
cxd5 16. exd5 Nf6 17. Ne5 exd5 18. Nxd5 Nxd5 19. Bxd5 Ra7 20. Nc6 Bc5 21. Nxa7
Qxa7 22. Be3 Bb7 23. Bxc5 Nxc5 24. Qe3 Ba6 25. b4 1-0

[Event "Titled Tue 10th Jun Late"]
[Site "chess.com INT"]
[Date "2025.06.10"]
[Round "10"]
[White "Thiel, Thomas"]
[Black "Santos, Antonio P"]
[Result "1-0"]
[WhiteTitle "FM"]
[BlackTitle "FM"]
[WhiteElo "2170"]
[BlackElo "2165"]
[WhiteFideId "4615964"]
[BlackFideId "1900161"]
[EventDate "2025.06.10"]

1. e4 c5 2. Nc3 Nc6 3. Bb5 Nd4 4. Bc4 e6 5. Nge2 Nxe2 6. Qxe2 d6 7. O-O Nf6 8.
d3 Be7 9. f4 O-O 10. Bb3 b6 11. f5 Rb8 12. fxe6 Bxe6 13. Bxe6 fxe6 14. Bf4 Qd7
15. e5 Nd5 16. Nxd5 exd5 17. e6 Qc6 18. Bg3 d4 19. Rxf8+ Rxf8 20. Rf1 Rxf1+ 21.
Qxf1 Qe8 22. Qf3 h6 23. Qd5 Kh7 24. Bxd6 Bxd6 25. Qxd6 Qh5 26. h3 Qd1+ 27. Kh2
Qxc2 28. Qe5 c4 29. e7 cxd3 30. e8=Q d2 31. Qe4+ 1-0

[Event "Titled Tue 10th Jun Late"]
[Site "chess.com INT"]
[Date "2025.06.10"]
[Round "10"]
[White "Mesquita, Eduardo Barbosa"]
[Black "Anandh, Vijay Srinivas"]
[Result "1-0"]
[WhiteElo "2014"]
[BlackElo "2011"]
[WhiteFideId "22757163"]
[BlackFideId "30975794"]
[EventDate "2025.06.10"]

1. Nf3 Nf6 2. d4 e6 3. c4 d5 4. Nc3 Bb4 5. e3 O-O 6. Qc2 c5 7. Bd2 cxd4 8. exd4
b6 9. a3 Be7 10. cxd5 Nxd5 11. Bd3 h6 12. Nxd5 exd5 13. O-O Ba6 14. Ne5 Bxd3 15.
Qxd3 Bd6 16. Bb4 Bxb4 17. axb4 Qd6 18. b5 Nd7 19. Nc6 a5 20. Rfe1 Rfe8 21. g3
Nf6 22. Re5 Nd7 23. Rf5 g6 24. Rf4 Re6 25. Qf3 Rf8 26. Ra4 Nf6 27. Ne5 Nh5 28.
Rxf7 Rf6 29. Rxf8+ Qxf8 30. Qxd5+ Kh8 31. f4 Qc8 32. Rc4 Qh3 33. Qd8+ Kh7 34.
Rc7+ Ng7 35. Qxf6 Qd7 36. Rxd7 1-0

[Event "Titled Tue 10th Jun Late"]
[Site "chess.com INT"]
[Date "2025.06.10"]
[Round "10"]
[White "Thomforde-Toates, Noah"]
[Black "Naroditsky, Daniel"]
[Result "1-0"]
[BlackTitle "GM"]
[WhiteElo "2128"]
[BlackElo "2619"]
[WhiteFideId "30951992"]
[BlackFideId "2026961"]
[EventDate "2025.06.10"]

1. d4 Nf6 2. Nc3 d5 3. Bf4 a6 4. e3 h6 5. Nf3 Bg4 6. Be2 c5 7. Ne5 Bxe2 8. Qxe2
Nc6 9. dxc5 e6 10. O-O Bxc5 11. Rad1 O-O 12. e4 d4 13. Nxc6 bxc6 14. Na4 Ba7 15.
b3 Nd7 16. Bd6 Re8 17. e5 Qa5 18. Nb2 Qb5 19. Qe4 Qd5 20. Qe2 Qb5 21. Qe4 f5 22.
Qd3 Qd5 23. Nc4 c5 24. f4 Bb8 25. Rf3 Bxd6 26. Nxd6 Red8 27. c3 Nf8 28. cxd4 Ng6
29. dxc5 Qxc5+ 30. Kh1 Rac8 31. Rff1 Rc6 32. Qg3 Qc2 33. Qxg6 Rc7 34. Qxe6+ Kh7
35. Qxf5+ Qxf5 36. Nxf5 Rf8 37. Ne3 Rc2 38. Nxc2 a5 39. Rd7 a4 40. bxa4 h5 41.
Nd4 h4 42. Rxg7+ Kxg7 43. Ne6+ Kg6 44. Nxf8+ Kh5 45. f5 h3 46. gxh3 Kh4 47. f6
Kxh3 48. f7 Kg4 49. Ne6 Kh4 50. f8=Q Kh3 51. Qf3+ Kh4 52. Qg3+ Kh5 53. Qg5# 1-0

[Event "Titled Tue 10th Jun Late"]
[Site "chess.com INT"]
[Date "2025.06.10"]
[Round "10"]
[White "Kislinsky, Alexey"]
[Black "Danila, Tudor-Gabriel"]
[Result "1-0"]
[WhiteTitle "GM"]
[BlackTitle "CM"]
[WhiteElo "2341"]
[BlackElo "2178"]
[WhiteFideId "14108801"]
[BlackFideId "1274244"]
[EventDate "2025.06.10"]

1. d4 Nf6 2. c4 e6 3. Nf3 c5 4. g3 cxd4 5. Nxd4 d5 6. Bg2 e5 7. Nf3 d4 8. O-O
Nc6 9. e3 Be7 10. exd4 exd4 11. Re1 Be6 12. Nbd2 O-O 13. b3 Rc8 14. Bb2 Qb6 15.
a3 a5 16. Ne5 Nxe5 17. Rxe5 Rfd8 18. Rb5 Qd6 19. Rxb7 a4 20. bxa4 Bxc4 21. Nxc4
Rxc4 22. a5 Bf8 23. Qb3 Rc5 24. Qxf7+ Kh8 25. Rd1 d3 26. Rb6 Qe7 27. Rxf6 Rc2
28. Rxd3 Rc1+ 29. Bxc1 gxf6 30. Qxe7 Bxe7 31. Rxd8+ Bxd8 32. a6 Bb6 33. Be3 Bxe3
34. fxe3 1-0

[Event "Titled Tue 10th Jun Late"]
[Site "chess.com INT"]
[Date "2025.06.10"]
[Round "10"]
[White "Stojanovski, Sandi"]
[Black "Shandrygin, Nikita"]
[Result "0-1"]
[WhiteTitle "FM"]
[BlackTitle "FM"]
[WhiteElo "2169"]
[BlackElo "2209"]
[WhiteFideId "1403249"]
[BlackFideId "24198668"]
[EventDate "2025.06.10"]

1. d3 d5 2. Nf3 Nc6 3. g3 e5 4. Bg2 f6 5. O-O Be6 6. c3 g5 7. Nbd2 Qd7 8. Re1 h5
9. h4 g4 10. Nh2 O-O-O 11. Qa4 f5 12. b4 f4 13. Nb3 Bd6 14. b5 Nb8 15. c4 a6 16.
cxd5 Bf7 17. Bd2 Qxb5 18. Qxb5 axb5 19. a4 b4 20. Rac1 Nf6 21. Rc4 Nxd5 22. Rec1
Nc3 23. R1xc3 bxc3 24. Rxc3 Bb4 25. Rc1 Bxd2 26. Nxd2 Bd5 27. Ne4 Nc6 28. Bf1
Bxe4 29. dxe4 Nd4 30. e3 fxe3 31. fxe3 Nb3 32. Rc3 Nd2 33. Bc4 Nxe4 34. Rb3 Kb8
35. Bd5 Rxd5 0-1

[Event "Titled Tue 10th Jun Late"]
[Site "chess.com INT"]
[Date "2025.06.10"]
[Round "10"]
[White "Nepomniachtchi, Ian"]
[Black "Haddouche, Mohamed"]
[Result "1-0"]
[WhiteTitle "GM"]
[BlackTitle "GM"]
[WhiteElo "2757"]
[BlackElo "2490"]
[WhiteFideId "4168119"]
[BlackFideId "7900660"]
[EventDate "2025.06.10"]

1. e4 e5 2. f4 d5 3. exd5 exf4 4. Nf3 Nf6 5. Bb5+ c6 6. dxc6 Nxc6 7. Nc3 Bd6 8.
Qe2+ Be7 9. d4 O-O 10. Bxc6 bxc6 11. Bxf4 a5 12. O-O-O Re8 13. Ne5 Qb6 14. Qc4
Be6 15. Qxc6 Qa7 16. Nb5 Qb8 17. Ng6 Qd8 18. Nxe7+ Qxe7 19. Nc7 Rac8 20. Rhe1
Qb4 21. a3 Qb8 22. Nxe6 Rxc6 23. Bxb8 Rxb8 24. Nc5 Nd5 25. c4 Nb6 26. b3 a4 27.
Na6 Ra8 28. Nb4 Rcc8 29. c5 axb3 30. Kb2 Nc4+ 31. Kxb3 Nxa3 32. Ra1 Nb5 33. Rxa8
Rxa8 34. Kc4 Na3+ 35. Kd5 Nb5 36. Nc6 g6 37. Kc4 Na3+ 38. Kd3 1-0

[Event "Titled Tue 10th Jun Late"]
[Site "chess.com INT"]
[Date "2025.06.10"]
[Round "10"]
[White "Zilberstein, Dmitry"]
[Black "Schnaider, Ilan"]
[Result "0-1"]
[WhiteTitle "IM"]
[BlackTitle "IM"]
[WhiteElo "2358"]
[BlackElo "2388"]
[WhiteFideId "2010739"]
[BlackFideId "169013"]
[EventDate "2025.06.10"]

1. e4 c5 2. Nf3 e6 3. d3 d5 4. Qe2 Nc6 5. exd5 Qxd5 6. Nc3 Qd8 7. g3 Nf6 8. Bg2
Be7 9. Ne4 O-O 10. c3 b6 11. O-O Bb7 12. Bf4 Nd5 13. Bd2 h6 14. g4 Qc7 15. h4
Nf4 16. Bxf4 Qxf4 17. g5 hxg5 18. Nexg5 Rad8 19. Rad1 Qg4 20. Rfe1 Bxg5 21. hxg5
Ne5 22. Nh4 Qxh4 23. Qxe5 Bxg2 24. Kxg2 Rd5 25. Qh2 Rxg5+ 26. Kh1 Qg4 27. Qg3
Qh5+ 28. Qh2 Qf3+ 0-1

[Event "Titled Tue 10th Jun Late"]
[Site "chess.com INT"]
[Date "2025.06.10"]
[Round "10"]
[White "Antoniou, Rafail"]
[Black "Norman, Kseniya"]
[Result "1-0"]
[WhiteTitle "CM"]
[BlackTitle "WFM"]
[WhiteElo "2134"]
[BlackElo "2069"]
[WhiteFideId "5904390"]
[BlackFideId "13518780"]
[EventDate "2025.06.10"]

1. e4 e6 2. d4 d5 3. exd5 exd5 4. Bd3 Nf6 5. c3 c5 6. Nf3 c4 7. Bc2 Bd6 8. O-O
O-O 9. Re1 h6 10. Ne5 Nc6 11. Bf4 Be6 12. Nd2 Bxe5 13. dxe5 Nd7 14. Nf3 Re8 15.
h3 Nf8 16. Qd2 Qb6 17. b3 Rad8 18. Rab1 Qa6 19. b4 b5 20. Bxh6 gxh6 21. Qxh6 Ne7
22. Ng5 Neg6 23. h4 Qc8 24. h5 Bf5 25. hxg6 fxg6 26. Bxf5 Qxf5 27. e6 Re7 28.
Nf7 Rxf7 29. exf7+ Qxf7 30. Re3 Qg7 31. Qg5 Rd7 32. Rbe1 d4 33. Re7 Rxe7 34.
Rxe7 Qh8 35. Qd5+ 1-0

[Event "Titled Tue 10th Jun Late"]
[Site "chess.com INT"]
[Date "2025.06.10"]
[Round "10"]
[White "McDonald, Jhustice-Dimonte"]
[Black "Blackburn, Jonathan L B"]
[Result "1-0"]
[WhiteTitle "CM"]
[BlackTitle "FM"]
[WhiteElo "2032"]
[BlackElo "2207"]
[WhiteFideId "7402481"]
[BlackFideId "1801090"]
[EventDate "2025.06.10"]

1. b3 a5 2. Bb2 a4 3. a3 axb3 4. cxb3 d6 5. Nf3 c5 6. Nc3 Nc6 7. d4 cxd4 8. Nxd4
Nf6 9. e4 Bd7 10. Be2 Qb6 11. Nxc6 Bxc6 12. Nd5 Bxd5 13. exd5 Qa5+ 14. b4 Qxd5
15. Qxd5 Nxd5 16. Bf3 Nb6 17. Bxb7 Rb8 18. Bc6+ Kd8 19. a4 e5 20. b5 Be7 21. a5
Nc4 22. Bc3 Kc7 23. a6 Rbd8 24. a7 Ra8 25. Bxa8 Rxa8 26. Ke2 Kb7 27. Rhc1 Nb6
28. Bb4 Nd5 29. Bd2 Rxa7 30. Rxa7+ Kxa7 31. Rc8 Kb7 32. Rg8 Bf6 33. Rf8 Kb6 34.
Rxf7 Kxb5 35. g4 h6 36. h4 e4 37. g5 hxg5 38. hxg5 Be5 39. Rd7 Kc6 40. Ra7 1-0

[Event "Titled Tue 10th Jun Late"]
[Site "chess.com INT"]
[Date "2025.06.10"]
[Round "10"]
[White "Hernandez Bermudez, Ulises Eduardo"]
[Black "Klepek, Witold"]
[Result "0-1"]
[BlackTitle "CM"]
[WhiteElo "2042"]
[BlackElo "2253"]
[WhiteFideId "3902510"]
[BlackFideId "1175068"]
[EventDate "2025.06.10"]

1. e4 c5 2. c3 d5 3. exd5 Qxd5 4. d4 Nf6 5. Nf3 e6 6. Be3 cxd4 7. Bxd4 Nc6 8.
Bxf6 Qxd1+ 9. Kxd1 gxf6 10. Nbd2 Bd7 11. Ne4 Be7 12. Kc2 f5 13. Ned2 Rc8 14. Rd1
Bf6 15. Kb1 Ke7 16. Be2 Rhg8 17. g3 f4 18. Nb3 Ne5 19. gxf4 Nxf3 20. Bxf3 Bc6
21. Bxc6 Rxc6 22. Rhg1 Rxg1 23. Rxg1 Rc4 24. Rg4 h5 25. Rg8 Rxf4 26. Rb8 b6 27.
Rb7+ Kf8 28. Nd2 Rxf2 29. Ne4 Rf1+ 30. Kc2 Be7 31. Rxa7 f5 32. Nd2 Rf2 33. Kd3
Bg5 34. Nc4 b5 35. Ra8+ Kg7 36. Ne3 Rf3 37. Rb8 Rxe3+ 38. Kd4 Re4+ 39. Kd3 Re5
40. Kd4 Rd5# 0-1

[Event "Titled Tue 10th Jun Late"]
[Site "chess.com INT"]
[Date "2025.06.10"]
[Round "10"]
[White "Bongo Akanga Ndjila, Barthelemy"]
[Black "Aranda, Juan Manuel"]
[Result "1-0"]
[WhiteTitle "CM"]
[BlackTitle "CM"]
[WhiteElo "1847"]
[BlackElo "2134"]
[WhiteFideId "10609431"]
[BlackFideId "160458"]
[EventDate "2025.06.10"]

1. d4 d6 2. Nf3 Bg4 3. e3 e5 4. h3 Bxf3 5. Qxf3 exd4 6. Qxb7 Nd7 7. exd4 Ngf6 8.
Bb5 Rb8 9. Bxd7+ Kxd7 10. Qxa7 Qe8+ 11. Be3 g5 12. O-O g4 13. hxg4 Nxg4 14. Bf4
Rg8 15. Qa4+ c6 16. Qa7+ Kc8 17. Qa6+ Kc7 18. Nc3 Rxb2 19. Qa5+ Kc8 20. Rfe1 Qd7
21. Qa8+ Rb8 22. Qa6+ Kd8 23. Rab1 Rc8 24. Rb7 Rc7 25. Qa8+ Qc8 26. Rb8 Be7 27.
Na4 Bh4 28. g3 Bf6 29. Nb6 Bxd4 30. Rxc8+ 1-0

[Event "Titled Tue 10th Jun Late"]
[Site "chess.com INT"]
[Date "2025.06.10"]
[Round "10"]
[White "Papasimakopoulos, Alexandros"]
[Black "Dominguez, Ramiro"]
[Result "1-0"]
[WhiteTitle "IM"]
[BlackTitle "FM"]
[WhiteElo "2366"]
[BlackElo "2210"]
[WhiteFideId "4244125"]
[BlackFideId "4420055"]
[EventDate "2025.06.10"]

1. d4 Nf6 2. c4 e6 3. Nc3 d5 4. cxd5 exd5 5. Bg5 c6 6. e3 Be6 7. Bd3 Nbd7 8. Qc2
Be7 9. Nf3 O-O 10. O-O h6 11. Bh4 Re8 12. Rab1 Rc8 13. b4 b6 14. Ba6 Rc7 15. Bg3
Nb8 16. Bxc7 Qxc7 17. Bd3 Rc8 18. Bf5 Qd7 19. Bxe6 Qxe6 20. Rfc1 c5 21. bxc5
bxc5 22. dxc5 Bxc5 23. Na4 Nbd7 24. Nd4 Qe5 25. Nxc5 Rxc5 26. Qf5 Qc7 27. Rxc5
Qxc5 28. h3 g6 29. Qf4 Kg7 30. Rb7 h5 31. Qc7 Qa3 32. Rxa7 Qb4 33. Kh2 Qe1 34.
Qf4 Qd2 35. a4 Nc5 36. f3 Ncd7 37. a5 Nc5 38. a6 Qd3 39. Qe5 Qf1 40. Ne6+ Nxe6
41. Qxe6 1-0

[Event "Titled Tue 10th Jun Late"]
[Site "chess.com INT"]
[Date "2025.06.10"]
[Round "10"]
[White "Morris-Suzuki, Alan H"]
[Black "Fadi, Marko"]
[Result "0-1"]
[BlackTitle "FM"]
[WhiteElo "1987"]
[BlackElo "2298"]
[WhiteFideId "30933218"]
[BlackFideId "10605371"]
[EventDate "2025.06.10"]

1. b3 a5 2. a4 d5 3. Ba3 g6 4. h4 Bg7 5. d4 Nf6 6. e3 O-O 7. Bd3 b6 8. h5 c5 9.
hxg6 hxg6 10. c3 Nc6 11. Nf3 Bg4 12. Bb5 Rc8 13. Nbd2 Qd6 14. Be2 Ne4 15. Nxe4
dxe4 16. Nd2 Bxe2 17. Qxe2 Qe6 18. Rh4 f5 19. Qb5 cxd4 20. cxd4 Rfd8 21. Qxb6
Nxd4 22. Qxe6+ Nxe6 23. Rd1 Bc3 24. Ke2 Bf6 25. Rh6 Kg7 26. Rhh1 Rc2 27. f3 Bc3
28. Bc1 Nc5 29. fxe4 Nxe4 0-1

[Event "Titled Tue 10th Jun Late"]
[Site "chess.com INT"]
[Date "2025.06.10"]
[Round "10"]
[White "Shearsby, Jude"]
[Black "Baltabaev, Temirlan"]
[Result "0-1"]
[WhiteTitle "CM"]
[BlackTitle "FM"]
[WhiteElo "2160"]
[BlackElo "2295"]
[WhiteFideId "462527"]
[BlackFideId "4112172"]
[EventDate "2025.06.10"]

1. g4 d5 2. h3 h5 3. gxh5 Rxh5 4. Bg2 Nf6 5. e3 c6 6. Ne2 e5 7. d4 Bd6 8. c4
exd4 9. Nxd4 dxc4 10. Nc3 Qe7 11. Ne4 Bb4+ 12. Kf1 Rh6 13. Ng3 Rg6 14. e4 Na6
15. Bf4 Be6 16. Ndf5 Qd7 17. Nd6+ Bxd6 18. Bxd6 O-O-O 19. e5 Ne8 20. Ne4 Bd5 21.
h4 f5 22. Ng5 Bxg2+ 23. Kxg2 Nxd6 24. exd6 Rxd6 25. Qf3 Rd3 26. Qh5 Qd5+ 27. Nf3
Nc5 28. Rh3 Ne6 29. Kh2 Nf4 30. Qh8 Rxh8 0-1

[Event "Titled Tue 10th Jun Late"]
[Site "chess.com INT"]
[Date "2025.06.10"]
[Round "10"]
[White "Perez, Maximiliano"]
[Black "Csonka, Balazs"]
[Result "0-1"]
[WhiteTitle "IM"]
[BlackTitle "IM"]
[WhiteElo "2362"]
[BlackElo "2467"]
[WhiteFideId "117234"]
[BlackFideId "742910"]
[EventDate "2025.06.10"]

1. Nf3 Nf6 2. g3 d5 3. Bg2 c5 4. O-O Nc6 5. d3 e5 6. Nbd2 Be7 7. e4 O-O 8. exd5
Nxd5 9. Re1 f6 10. c3 Kh8 11. a4 Bf5 12. Ne4 Qd7 13. Nh4 Be6 14. Qh5 Bf7 15. Qf3
Rfd8 16. Nf5 Bf8 17. h4 b6 18. h5 Be6 19. Bh3 Nde7 20. Nxe7 Bxe7 21. Bxe6 Qxe6
22. h6 g6 23. g4 Rd7 24. a5 Rad8 25. axb6 axb6 26. Ra6 Rxd3 27. Be3 f5 28. Rxb6
fxe4 29. Qxe4 R3d6 30. Bxc5 Rd1 31. Bxe7 Rxe1+ 32. Qxe1 Qxg4+ 33. Kh2 Qh5+ 34.
Kg2 Qg4+ 35. Kh2 Qf4+ 36. Kg2 Nxe7 37. Re6 Qg4+ 0-1

[Event "Titled Tue 10th Jun Late"]
[Site "chess.com INT"]
[Date "2025.06.10"]
[Round "10"]
[White "Slate, Kent"]
[Black "Daspres, Loic"]
[Result "1-0"]
[BlackTitle "CM"]
[WhiteElo "2082"]
[BlackElo "2207"]
[WhiteFideId "30961564"]
[BlackFideId "20612281"]
[EventDate "2025.06.10"]

1. Nf3 c5 2. c4 g6 3. d4 Bg7 4. e3 Nf6 5. Nc3 O-O 6. Be2 cxd4 7. exd4 d5 8. O-O
dxc4 9. Bxc4 Nbd7 10. h3 Nb6 11. Bb3 Bd7 12. Re1 Rc8 13. Ne5 Be8 14. Bf4 e6 15.
Rc1 Nfd5 16. Bh2 Nxc3 17. bxc3 Bb5 18. a4 Bc4 19. a5 Bxe5 20. Bxe5 Nd5 21. Bxc4
Rxc4 22. Qd3 Qc8 23. Bd6 Rd8 24. Bc5 Rxc5 25. dxc5 Qxc5 26. c4 1-0

[Event "Titled Tue 10th Jun Late"]
[Site "chess.com INT"]
[Date "2025.06.10"]
[Round "10"]
[White "Qi, Jenny"]
[Black "Haszon, David"]
[Result "0-1"]
[WhiteTitle "WFM"]
[BlackTitle "FM"]
[WhiteElo "1946"]
[BlackElo "2264"]
[WhiteFideId "30995914"]
[BlackFideId "733610"]
[EventDate "2025.06.10"]

1. d4 a6 2. e4 e6 3. Nc3 c5 4. d5 b5 5. dxe6 dxe6 6. Qxd8+ Kxd8 7. Bf4 Nd7 8.
Nf3 f6 9. Be2 e5 10. Be3 Bb7 11. Nd5 Bxd5 12. exd5 Bd6 13. O-O Ne7 14. Rfd1 Kc7
15. b3 g5 16. c4 b4 17. Nd2 a5 18. Ne4 h6 19. g3 f5 20. Nxd6 Kxd6 21. f4 gxf4
22. gxf4 e4 23. Kh1 a4 24. Rg1 axb3 25. axb3 Ra3 26. Rxa3 bxa3 27. Ra1 Ra8 28.
Ra2 Ng6 29. Bh5 Ndf8 30. Bxg6 Nxg6 31. Kg2 Nh4+ 32. Kg3 Nf3 33. Bc1 Nd4 34. Rxa3
Rxa3 35. Bxa3 Nxb3 36. Bb2 Nd2 37. Be5+ Kd7 38. Bg7 Nxc4 39. Bxh6 Ne3 40. Bf8 c4
41. Bg7 Nxd5 42. h4 c3 43. h5 c2 44. Bb2 Ne7 45. h6 Ng6 46. h7 Ke6 47. Kf2 Kf7
48. Ke2 c1=N+ 49. Bxc1 Kg7 50. Ke3 Kxh7 51. Bd2 Kh6 52. Bb4 Kh5 53. Bd6 Kg4 54.
Be5 Ne7 55. Bc7 Nd5+ 0-1

[Event "Titled Tue 10th Jun Late"]
[Site "chess.com INT"]
[Date "2025.06.10"]
[Round "10"]
[White "Kornienko, Konstantin"]
[Black "Tekeyev, Zaur"]
[Result "1-0"]
[WhiteTitle "CM"]
[BlackTitle "IM"]
[WhiteElo "2141"]
[BlackElo "2407"]
[WhiteFideId "34400419"]
[BlackFideId "4199731"]
[EventDate "2025.06.10"]

1. d4 Nf6 2. Nf3 e6 3. c4 Bb4+ 4. Bd2 Qe7 5. Qc2 Bxd2+ 6. Nbxd2 d6 7. e3 e5 8.
Be2 O-O 9. O-O e4 10. Ne1 Re8 11. Qc3 Nbd7 12. Nc2 Nf8 13. f3 Bf5 14. Rae1 c6
15. fxe4 Nxe4 16. Nxe4 Bxe4 17. Bd3 Ng6 18. Rf2 Qe6 19. b3 Re7 20. d5 Qe5 21.
Qxe5 Rxe5 22. Bxe4 Rxe4 23. dxc6 bxc6 24. Rd2 d5 25. cxd5 cxd5 26. Rxd5 Rc8 27.
Nd4 h6 28. Rd7 a5 29. h3 Rce8 30. Nc2 Rc8 31. Nd4 a4 32. b4 Rce8 33. b5 Ne5 34.
Rc7 Nd3 35. Rd1 Rxe3 36. b6 Re1+ 37. Rxe1 Rxe1+ 38. Kh2 Rb1 39. b7 Kh7 40. Nc6 1-0

[Event "Titled Tue 10th Jun Late"]
[Site "chess.com INT"]
[Date "2025.06.10"]
[Round "10"]
[White "Manzone, Alessandro"]
[Black "Klys, Kacper"]
[Result "1-0"]
[WhiteTitle "FM"]
[WhiteElo "2397"]
[BlackElo "2218"]
[WhiteFideId "112488"]
[BlackFideId "21005281"]
[EventDate "2025.06.10"]

1. d4 Nf6 2. c4 e6 3. Nf3 d5 4. g3 dxc4 5. Bg2 a6 6. Ne5 Bb4+ 7. Nc3 Nd5 8. O-O
Nb6 9. Nxc4 N8d7 10. Qb3 Qe7 11. Bf4 Nxc4 12. Qxc4 Nb6 13. Qb3 c6 14. a3 Bxc3
15. Qxb6 e5 16. Bxe5 f6 17. bxc3 fxe5 18. Bxc6+ bxc6 19. Qxc6+ Qd7 20. Qxa8 O-O
21. Qe4 Re8 22. d5 Bb7 23. c4 Qd6 24. Rab1 Bc8 25. Rfc1 Qxa3 26. c5 Rf8 27. Qxe5
Bf5 28. Ra1 Qb3 29. f3 Bc8 30. c6 Qb6+ 31. Kg2 Qd8 32. e4 Re8 33. Qd4 Qg5 34. d6
Be6 35. d7 Rf8 36. c7 Qh5 37. Rc3 Bh3+ 38. Kg1 1-0

[Event "Titled Tue 10th Jun Late"]
[Site "chess.com INT"]
[Date "2025.06.10"]
[Round "10"]
[White "Estrada Nieto, Julian"]
[Black "Annaberdiyev, Meylis"]
[Result "1-0"]
[WhiteTitle "IM"]
[BlackTitle "GM"]
[WhiteElo "2181"]
[BlackElo "2436"]
[WhiteFideId "5101018"]
[BlackFideId "14000563"]
[EventDate "2025.06.10"]

1. e4 c5 2. Nf3 Nc6 3. Bb5 Nf6 4. Nc3 Nd4 5. e5 Nxb5 6. Nxb5 Nd5 7. Ng5 e6 8.
Ne4 Qh4 9. d3 a6 10. Nbd6+ Bxd6 11. Nxd6+ Ke7 12. O-O f6 13. f4 Rf8 14. g3 Qh3
15. Qe2 fxe5 16. Qxe5 Rf6 17. c4 Rg6 18. f5 Nf6 19. fxg6 Ng4 20. Rf7+ Kd8 21.
Rf8+ Kc7 22. Nb5+ 1-0

[Event "Titled Tue 10th Jun Late"]
[Site "chess.com INT"]
[Date "2025.06.10"]
[Round "10"]
[White "Venskaya, Nika"]
[Black "Terron Elena, Francisco M."]
[Result "0-1"]
[WhiteTitle "WCM"]
[BlackTitle "FM"]
[WhiteElo "1926"]
[BlackElo "2148"]
[WhiteFideId "13523503"]
[BlackFideId "2210576"]
[EventDate "2025.06.10"]

1. d4 Nf6 2. Nf3 e6 3. g3 d5 4. Bg2 c5 5. O-O Nc6 6. c4 cxd4 7. cxd5 exd5 8.
Nxd4 Be7 9. Nc3 O-O 10. Bg5 Qb6 11. Nb3 d4 12. Na4 Qb5 13. Bxf6 Bxf6 14. Nac5
Bf5 15. Rc1 Rac8 16. Qd2 Rfe8 17. Rfe1 h6 18. a4 Qb6 19. a5 Qb5 20. Bxc6 Rxc6
21. Nxd4 Bxd4 22. Qxd4 Rxe2 23. Rxe2 Qxe2 24. b4 Bh3 25. Qd5 Rf6 26. Nd3 Rf3 27.
Re1 Rxd3 28. Qxb7 Qxe1# 0-1

[Event "Titled Tue 10th Jun Late"]
[Site "chess.com INT"]
[Date "2025.06.10"]
[Round "10"]
[White "Graif, William"]
[Black "Sabatier, Mathis"]
[Result "0-1"]
[WhiteTitle "FM"]
[BlackTitle "CM"]
[WhiteElo "2211"]
[BlackElo "2235"]
[WhiteFideId "2609835"]
[BlackFideId "26029685"]
[EventDate "2025.06.10"]

1. e4 e6 2. d4 d5 3. Be3 dxe4 4. f3 Nf6 5. fxe4 Nxe4 6. Bd3 Nf6 7. Nf3 Nd5 8.
Bd2 c5 9. O-O Nc6 10. dxc5 Bxc5+ 11. Kh1 Ne3 12. Bxe3 Bxe3 13. Qe1 Bb6 14. Nc3
O-O 15. Rd1 Qe7 16. Qg3 f5 17. Rfe1 Qf6 18. Bc4 Kh8 19. Ng5 e5 20. Nd5 Qg6 21.
Nxb6 axb6 22. Rxe5 f4 0-1

[Event "Titled Tue 10th Jun Late"]
[Site "chess.com INT"]
[Date "2025.06.10"]
[Round "10"]
[White "Urbina Quiroz, Edwin"]
[Black "Cigan, Jason"]
[Result "0-1"]
[WhiteElo "2041"]
[BlackElo "2123"]
[WhiteFideId "6500650"]
[BlackFideId "2064022"]
[EventDate "2025.06.10"]

1. e4 c5 2. Nf3 d6 3. Bb5+ Nd7 4. Bxd7+ Bxd7 5. c4 Nf6 6. Nc3 Rc8 7. d4 cxd4 8.
Qxd4 Qc7 9. b3 b5 10. Nxb5 Bxb5 11. cxb5 Qxc1+ 12. Rxc1 Rxc1+ 13. Kd2 Rxh1 14.
Qxa7 e5 15. Qa8+ Ke7 16. b6 Nd7 17. Qa7 g6 18. b7 Bh6+ 19. Ke2 Rc1 20. a4 Rb1
21. a5 Rxb3 22. a6 Re8 23. g4 Bf4 24. h4 Nb8 25. Qa8 Nxa6 26. Qxa6 Rb8 27. h5
R8xb7 28. hxg6 hxg6 29. Qa8 Rc7 30. Nh4 Rc2+ 31. Kf1 Be3 32. Nf5+ gxf5 33. gxf5
Rxf2+ 34. Ke1 Rb1# 0-1

[Event "Titled Tue 10th Jun Late"]
[Site "chess.com INT"]
[Date "2025.06.10"]
[Round "10"]
[White "Sapocinic, Semion"]
[Black "Bacus, Dharim"]
[Result "0-1"]
[WhiteTitle "FM"]
[BlackTitle "FM"]
[WhiteElo "2296"]
[BlackElo "2131"]
[WhiteFideId "13908693"]
[BlackFideId "5201527"]
[EventDate "2025.06.10"]

1. c4 e5 2. Nc3 Nf6 3. Nf3 Nc6 4. g3 Bb4 5. Nd5 Bc5 6. Bg2 d6 7. O-O h6 8. a3 a5
9. d3 O-O 10. Rb1 Nxd5 11. cxd5 Ne7 12. b4 axb4 13. axb4 Bb6 14. Nd2 f5 15. Nc4
Ba7 16. Bb2 Bd7 17. Ra1 Qe8 18. Na5 Rb8 19. Nc4 Ra8 20. Qb3 Kh8 21. Na5 Rb8 22.
Nc4 Ra8 23. Kh1 Qf7 24. Na5 Rab8 25. f4 exf4 26. Rxf4 Ng6 27. Rff1 Qe7 28. Nc6
bxc6 29. Rxa7 Be8 30. dxc6 Qxe2 31. Rxc7 Ne5 32. b5 Bxc6 33. Rxc6 Nxc6 34. h3
Ne5 35. Qe6 Qxb2 36. Qxd6 Qxb5 37. d4 Nc4 38. Qg6 Ne3 39. Rf4 Nxg2 0-1